Movie Titles in Latin - Statistics

General Stats
  • This quiz has been taken 28 times
  • The average score is 6 of 16
Answer Stats
Latin English % Correct
Rex Leonum The Lion King
88%
Septem Se7en
71%
Homo Ferreus Iron Man
63%
Bonus, Malus, et Turpis The Good, the Bad, and the Ugly
54%
Oculi Aperti Clusi Eyes Wide Shut
42%
Fenestra Posterior Rear Window
42%
Duodecim Viri Irati 12 Angry Men
38%
Bella Stellarum Star Wars
38%
Erit sanguis There Will Be Blood
33%
Mens Pulchra A Beautiful Mind
29%
Ineptus et Ineptior Dumb and Dumber
29%
Femina Formosa Pretty Woman
29%
Patrinus The Godfather
21%
Figura Aquae The Shape of Water
17%
Dominus Anulorum Lord of the Rings
13%
Reginula Sponsa The Princess Bride
8%
No matching quizzes found
Score Distribution
Percent of People with Each Score
Percentile by Number Answered
Your Score History
You have not taken this quiz